Some aspects of De Gaulle's policy towards Western Europe, 1958-1963 (Record no. 20499)

MARC details
000 -LEADER
fixed length control field 00495nam a2200169Ia 4500
082 ## - DEWEY DECIMAL CLASSIFICATION NUMBER
Classification number TC.0048
100 ## - MAIN ENTRY--AUTHOR NAME
Personal name Chopra, Hardev Singh
245 #0 - TITLE STATEMENT
Title Some aspects of De Gaulle's policy towards Western Europe, 1958-1963
260 ## - PUBLICATION, DISTRIBUTION, ETC. (IMPRINT)
Year of publication 1970
Name of publisher Jawaharlal Nehru University
300 ## - PHYSICAL DESCRIPTION
Number of Pages 356
650 ## - SUBJECT ADDED ENTRY--TOPICAL TERM
Topical Term Europe
Form subdivision Politics
650 ## - SUBJECT ADDED ENTRY--TOPICAL TERM
Topical Term De Gaulle, Charles
650 ## - SUBJECT ADDED ENTRY--TOPICAL TERM
Topical Term France
Form subdivision Foreign relations
Geographic subdivision Europe, Western
650 ## - SUBJECT ADDED ENTRY--TOPICAL TERM
Topical Term France
Form subdivision Presidents
710 ## - ADDED ENTRY--CORPORATE NAME
Corporate name or jurisdiction name as entry element Gupta, Partha Sarathi
942 ## - ADDED ENTRY ELEMENTS (KOHA)
Koha item type Thesis
Source of classification or shelving scheme Dewey Decimal Classification
Holdings
Withdrawn status Lost status Damaged status Not for loan Home library Current library Date acquired Full call number Accession Number Price effective from Koha item type
        NASSDOC Library NASSDOC Library 08/10/2004 TC.0048 2494 18/04/2019 Thesis